• 首页
  • 本馆介绍
  • 公告通知
  • 最新文献
  • 馆藏检索
  • 电子资源
  • 读者导购
  • 参考咨询
  • 我的图书馆
  • 登录
  • 详细信息显示
  • 放入我的书架
  • 预约/预借图书
  • 作者相关作品
  • 分类相关作品
  • 丛书相关作品
  • 出版社相关作品

书目信息

  • 表格格式
  • 工作单格式
  • 卡片格式
题名:
新手的多肉植物庭院造景
    
 
作者: 羽兼直行 编著 ;王颖 译
分册:  
出版信息: 北京   中国农业出版社  2020.07
页数: 113页
开本: 26cm
丛书名:
单 册:
中图分类: S682.33
科图分类:
主题词: 多浆植物--duo jiang zhi wu--观赏园艺
电子资源:
ISBN: 978-7-109-26657-5
000 01077nam0 2200289 450
001 0106081917
005 20201106082048.0
010    @a978-7-109-26657-5@dCNY56.00
100    @a20200911d2020 em y0chiy50 ea
101 1  @achi@cjpn
102    @aCN@b110000
105    @aa z 000yy
106    @ar
200 1  @a新手的多肉植物庭院造景@Axin shou de duo rou zhi wu ting yuan zao jing@f(日)羽兼直行编著@g王颖[等]译
210    @a北京@c中国农业出版社@d2020.07
215    @a113页@c彩图, 彩照@d26cm
300    @a轻松造园记系列新锐
304    @a新锐园艺工作室组译
304    @a译者还有:董浩、陈飞、黄少华、李海斌
305    @a由成美堂出版株式会社授权出版
330    @a本书以用多肉植物完成庭院绿化为主题,收录实作案例、庭院打造方法、盆栽地植重点等,以全彩图文结合方式清楚呈现。介绍了适合用于庭院绿化的多肉植物品种,为读者提供更多选择。
606 0  @a多浆植物@Aduo jiang zhi wu@x观赏园艺
690    @aS682.33@v5
701  0 @c(日)@a羽兼直行@Ayu jian zhi xing@4编著
702  0 @a王颖@Awang ying@4译
801  0 @aCN@bBJSZM@c20201106
905    @b1194540-3@dS682.33@e620@f4
    
    新手的多肉植物庭院造景/(日)羽兼直行编著/王颖[等]译.-北京:中国农业出版社,2020.07
    113页:彩图, 彩照;26cm
    轻松造园记系列新锐
    
    ISBN 978-7-109-26657-5:CNY56.00
    本书以用多肉植物完成庭院绿化为主题,收录实作案例、庭院打造方法、盆栽地植重点等,以全彩图文结合方式清楚呈现。介绍了适合用于庭院绿化的多肉植物品种,为读者提供更多选择。
●
相关链接 在E读中查询图书 在五车中查询图书 在当当中查询图书 在豆瓣中查询图书


正题名:新手的多肉植物庭院造景     索取号:S682.33/620         预约/预借

序号 登录号 条形码 馆藏地/架位号 状态 备注
1 1194540   211945403   第二样本阅览室/ [索取号:S682.33/620] 在馆    
2 1194541   211945412   第三借阅区/ [索取号:S682.33/620] 在馆    
3 1194542   211945421   第三借阅区/ [索取号:S682.33/620] 在馆    
4 1194543   211945430   第三借阅区/ [索取号:S682.33/620] 在馆    
唐山师范学院图书馆 欢迎您!
大连网信软件有限公司© 版权所有